00658nam a22002057a 450000500170000001000130001702000260003002000230005603500130007903700260009208200140011810000240013224500390015626000460019527000610024130000280030249000500033050000510038070000210043120110624115647.0 aB-430978 a9780198069317c225.00 a0198069316c225.00 aB-430978 bAllied Publishers/VEN a730.95453 aAsher, Frederick M. aBodh Gaya /cby Frederick M. Asher aNew DelhibOxford University Pressc2010 aYMCA Library building, Jai Singh RoadbNew Delhie110001 axiv, 98p. c22cm. (pbk) aMonumental legacy / edited by Devangana Desai aIncludes bibliographical references and index aDesai, Devangana